000 006080000a22002170004500
005 20120302060750.0
942 _cBOOK
100 _a Richey,J.A.
245 _a Selections from educational records
260 _aCalcutta:Supretendent govt.Printing,1922
300 _axiii;504P
490 _aBureau of education,India
040 _aENG
365 _bRs.
650 _aEducation
650 _agovernment board education
650 _aEducational records
650 _aFemale education-earlier
650 _aProvisional development-Bengal-Mumbai-Madras-punjab
650 _aProfesswional education
999 _c352106
_d352103